[Event "BL 1011 Schachfr. Berlin - SV Griesheim"]
[Site "?"]
[Date "2011.04.09"]
[Round "14.8"]
[White "Schneider, Ilja"]
[Black "Geske, Julian"]
[Result "1/2-1/2"]
[WhiteElo "2519"]
[BlackElo "2364"]
[PlyCount "64"]
[EventDate "2011.??.??"]

1. d4 Nf6 2. Bg5 e6 3. e4 h6 4. Bxf6 Qxf6 5. Nc3 d6 6. Qd2 c6 7. f4 e5 8. dxe5
dxe5 9. f5 Nd7 10. Nf3 Qd6 11. Qxd6 Bxd6 12. O-O-O Ke7 13. Bc4 Bc7 14. g4 b5
15. Bb3 Nc5 16. Rhe1 Bb7 17. Ne2 Rad8 18. Rxd8 Rxd8 19. Ng3 a5 20. a3 Nxb3+ 21.
cxb3 Rd3 22. Nd2 Bb6 23. Kc2 Rd8 24. Nf3 Bf2 25. Re2 Bxg3 26. hxg3 f6 27. b4
axb4 28. axb4 Rc8 29. Nd2 c5 30. bxc5 Rxc5+ 31. Kd1 Rc8 32. Re3 Kd6 1/2-1/2

[Event "BL 1011 SF Katernberg - Turm Emsdetten"]
[Site "?"]
[Date "2011.04.09"]
[Round "14.2"]
[White "Bischoff, Klaus"]
[Black "Janssen, Ruud"]
[Result "1/2-1/2"]
[WhiteElo "2553"]
[BlackElo "2498"]
[PlyCount "119"]
[EventDate "2011.??.??"]

1. c4 Nf6 2. Nc3 e5 3. Nf3 Nc6 4. d3 d5 5. cxd5 Nxd5 6. e3 Be7 7. a3 O-O 8. Bd2
Re8 9. Be2 Bf8 10. O-O a6 11. Qc2 h6 12. Rfd1 Nde7 13. Be1 Nf5 14. b4 b6 15.
Rab1 g6 16. Ne4 Bb7 17. a4 Bg7 18. Rdc1 Rc8 19. b5 axb5 20. Rxb5 Nd6 21. Nxd6
Qxd6 22. Nd2 Ne7 23. Ne4 Qd8 24. a5 f5 25. Nc5 Bd5 26. e4 Bf7 27. Na6 Qd7 28.
Rbb1 bxa5 29. Bxa5 Ra8 30. Nc5 Qc6 31. Qd2 Reb8 32. Rxb8+ Rxb8 33. d4 Qd6 34.
Na6 Rb7 35. Nc5 Ra7 36. dxe5 Bxe5 37. Nd3 Bxh2+ 38. Kh1 fxe4 39. Bb4 Qf6 40.
Kxh2 exd3 41. Bxd3 Nd5 42. Bc5 Ra4 43. Kg1 Nf4 44. Bf1 Bd5 45. Re1 Re4 46. Rxe4
Bxe4 47. Bc4+ Kh7 48. Qd7+ Qg7 49. Qd8 Ne6 50. Bxe6 Qa1+ 51. Kh2 Qe5+ 52. f4
Qxe6 53. Qxc7+ Kg8 54. Bd4 Kf8 55. Qg7+ Ke8 56. Qxh6 Bd5 57. Be5 Qf7 58. Qh8+
Qg8 59. Qh3 Qe6 60. Qxe6+ 1/2-1/2

[Event "BL 1011 SF Katernberg - Turm Emsdetten"]
[Site "?"]
[Date "2011.04.09"]
[Round "14.3"]
[White "Grandelius, Nils"]
[Black "Fontaine, Robert"]
[Result "0-1"]
[WhiteElo "2500"]
[BlackElo "2540"]
[PlyCount "40"]
[EventDate "2011.??.??"]

1. c4 Nf6 2. g3 e5 3. Bg2 Nc6 4. Nc3 g6 5. Nf3 Bg7 6. d4 exd4 7. Nxd4 O-O 8.
O-O Re8 9. Nxc6 dxc6 10. Qb3 Qe7 11. Be3 a5 12. Rfd1 Ng4 13. Bf4 g5 14. Bc1 a4
15. Qc2 Qc5 16. Ne4 Rxe4 17. Qxe4 Qxf2+ 18. Kh1 Bf5 19. Qe7 Bf6 20. Qb4 Be4 0-1

[Event "BL 1011 SF Katernberg - Turm Emsdetten"]
[Site "?"]
[Date "2011.04.09"]
[Round "14.4"]
[White "Lahno, Kateryna"]
[Black "Pruijssers, Roeland"]
[Result "1/2-1/2"]
[WhiteElo "2539"]
[BlackElo "2483"]
[PlyCount "79"]
[EventDate "2011.??.??"]

1. e4 e5 2. Nf3 Nc6 3. Bb5 f5 4. d3 fxe4 5. dxe4 Nf6 6. Bg5 d6 7. Nc3 Be7 8.
Qd3 Be6 9. O-O O-O 10. Bc4 Qd7 11. Bxe6+ Qxe6 12. Nd5 Qc8 13. Bxf6 Bxf6 14. Qc4
Kh8 15. b4 Bd8 16. b5 Ne7 17. Nxe7 Bxe7 18. Ne1 a6 19. bxa6 Rxa6 20. Nd3 Qd7
21. Rfd1 Qa4 22. Qxc7 Bd8 23. Qxb7 Bb6 24. c3 Qc4 25. a4 Rxa4 26. Qxb6 Qxd3 27.
Rac1 Qxe4 28. Qxd6 Qf5 29. Qb6 Rf4 30. Rd8 h6 31. Rxf8+ Qxf8 32. Qe3 Qa3 33. c4
Qb2 34. f3 Rd4 35. Re1 Rd2 36. Qxe5 Rxg2+ 37. Kh1 Qf2 38. Qe8+ Kh7 39. Qe4+ Kh8
40. Qe8+ 1/2-1/2

[Event "BL 1011 SF Katernberg - Turm Emsdetten"]
[Site "?"]
[Date "2011.04.09"]
[Round "14.6"]
[White "Zaragatski, Ilja"]
[Black "Breder, Dennis"]
[Result "1/2-1/2"]
[WhiteElo "2490"]
[BlackElo "2439"]
[PlyCount "81"]
[EventDate "2011.??.??"]

1. Nf3 c5 2. g3 Nc6 3. Bg2 g6 4. c4 Bg7 5. Nc3 e6 6. a3 Nge7 7. Rb1 d5 8. b4
cxb4 9. axb4 O-O 10. b5 Na5 11. cxd5 exd5 12. Na4 d4 13. Bb2 Be6 14. Nc5 Bd5
15. Ba1 Rc8 16. Nd3 Nc4 17. Qa4 Nb6 18. Qa3 Be4 19. O-O Nc4 20. Qa2 Qb6 21. Rb4
Nd6 22. Bxd4 Bxd4 23. Nxd4 Bxd3 24. exd3 a5 25. Ra4 Rfd8 26. Re1 Rc7 27. Nf3
Qxb5 28. Rxa5 Qb4 29. Ra4 Qc5 30. Rf4 Nef5 31. d4 Qc4 32. Qa5 Rcc8 33. g4 Ng7
34. Ng5 Qc7 35. Qxc7 Rxc7 36. d5 b5 37. Ne4 Nge8 38. Nxd6 Nxd6 39. Rb1 Rc2 40.
Rd4 Ra8 41. Bf1 1/2-1/2

[Event "BL 1011 SF Katernberg - Turm Emsdetten"]
[Site "?"]
[Date "2011.04.09"]
[Round "14.7"]
[White "Zumsande, Martin"]
[Black "Siebrecht, Sebastian"]
[Result "1-0"]
[WhiteElo "2414"]
[BlackElo "2421"]
[PlyCount "99"]
[EventDate "2011.??.??"]

1. e4 c5 2. c3 Nf6 3. e5 Nd5 4. d4 cxd4 5. Nf3 e6 6. cxd4 Nc6 7. Bc4 d6 8. O-O
Be7 9. Qe2 O-O 10. Rd1 Na5 11. Bd3 Nb4 12. exd6 Qxd6 13. Nc3 Nxd3 14. Qxd3 b6
15. Ng5 Bxg5 16. Ne4 Qd5 17. Nxg5 f5 18. Qg3 Bb7 19. Bf4 Rf6 20. h4 h6 21. Nh3
Rd8 22. Be5 Rf7 23. Nf4 Qd7 24. Qg6 Bd5 25. Rd3 Nc6 26. Rg3 Nxe5 27. dxe5 Qb5
28. b3 Be4 29. Qxe6 Re8 30. Qxh6 Qxe5 31. Rd1 Qb2 32. Qh5 Rc8 33. Kh2 Qf6 34.
f3 Bb7 35. Re1 Re7 36. Rxe7 Qxe7 37. Qxf5 Qxh4+ 38. Rh3 Qf6 39. Qh7+ Kf7 40.
Rh4 Rc2 41. Qh5+ Ke7 42. Ng6+ Kd8 43. Rf4 Qb2 44. Qh8+ Kc7 45. Rf7+ Kd6 46.
Qf8+ Kc6 47. Qe8+ Kc5 48. Rc7+ Kd4 49. Qe5+ Kd3 50. Rd7+ 1-0

[Event "BL 1011 SF Katernberg - Turm Emsdetten"]
[Site "?"]
[Date "2011.04.09"]
[Round "14.8"]
[White "Hoolt, Sarah"]
[Black "Richter, Christian"]
[Result "1/2-1/2"]
[WhiteElo "2245"]
[BlackElo "2392"]
[PlyCount "54"]
[EventDate "2011.??.??"]

1. e4 e5 2. Nf3 Nc6 3. Bc4 Bc5 4. d3 Nf6 5. Bb3 d6 6. c3 a6 7. Nbd2 Ba7 8. O-O
O-O 9. h3 Nh5 10. Nc4 Qf6 11. Ne3 Nf4 12. Nd5 Nxd5 13. exd5 Nb8 14. Bc2 h6 15.
d4 Bf5 16. dxe5 dxe5 17. Re1 Nd7 18. Be3 Bxe3 19. Rxe3 Rfe8 20. Bxf5 Qxf5 21.
Qb3 Rab8 22. Rae1 e4 23. Nd2 Nf6 24. Qc2 Qxd5 25. c4 Qa5 26. b3 Rbd8 27. R1e2
c6 1/2-1/2

[Event "BL 1011 SV Mülheim Nord - SV Wattensche"]
[Site "?"]
[Date "2011.04.09"]
[Round "14.1"]
[White "Bogner, Sebastian"]
[Black "Fridman, Daniel"]
[Result "0-1"]
[WhiteElo "2549"]
[BlackElo "2645"]
[PlyCount "90"]
[EventDate "2011.??.??"]

1. d4 d5 2. c4 e6 3. Nc3 Be7 4. Bf4 Nf6 5. e3 Nbd7 6. cxd5 Nxd5 7. Bg3 c5 8.
Nxd5 exd5 9. dxc5 O-O 10. Nf3 Nxc5 11. Be5 Ne4 12. Be2 Qa5+ 13. Kf1 Bg4 14. h3
Bh5 15. g4 Bg6 16. Kg2 Rac8 17. Rf1 Rfe8 18. Qb3 Nc5 19. Qc3 Qd8 20. Rac1 Nd3
21. Qxc8 Qxc8 22. Rxc8 Rxc8 23. Rd1 Nc1 24. Bf1 Be4 25. a3 Bh4 26. Bc3 Na2 27.
Bd3 Nxc3 28. bxc3 Bf6 29. Bxe4 dxe4 30. Nd4 Rxc3 31. Nb5 Rd3 32. Rc1 a6 33.
Rc8+ Rd8 34. Rxd8+ Bxd8 35. Nc3 b5 36. a4 bxa4 37. Nxa4 a5 38. Kf1 Be7 39. Nc3
Bb4 40. Nd5 f6 41. f3 exf3 42. Kf2 Bd6 43. Nb6 Kf7 44. Kxf3 Kg6 45. Ke4 Kg5 0-1

[Event "BL 1011 SV Mülheim Nord - SV Wattensche"]
[Site "?"]
[Date "2011.04.09"]
[Round "14.2"]
[White "Tregubov, Pavel V"]
[Black "Rustemov, Alexander"]
[Result "1-0"]
[WhiteElo "2598"]
[BlackElo "2541"]
[PlyCount "117"]
[EventDate "2011.??.??"]

1. d4 Nf6 2. c4 e6 3. Nf3 d5 4. Nc3 c5 5. cxd5 Nxd5 6. e4 Nxc3 7. bxc3 cxd4 8.
cxd4 Bb4+ 9. Bd2 Bxd2+ 10. Qxd2 O-O 11. Bc4 Nc6 12. O-O b6 13. Rfd1 Bb7 14. Qf4
Na5 15. Bf1 Qf6 16. Qe3 Rac8 17. Ne5 Rfd8 18. Rac1 h6 19. g3 Qg5 20. Rxc8 Rxc8
21. Qe2 Qe7 22. Bg2 Nc6 23. Nxc6 Bxc6 24. h4 Rd8 25. Qc4 Be8 26. d5 exd5 27.
exd5 Qd6 28. Qa6 Qc7 29. Qa3 Bb5 30. d6 Qc2 31. Rd4 Qc5 32. Qb2 Bc6 33. Bxc6
Qxc6 34. Qd2 Qd7 35. Qf4 Qe6 36. a4 a6 37. h5 b5 38. a5 Qe1+ 39. Kg2 Qxa5 40.
Qe5 Qb6 41. Rg4 Qb7+ 42. Kg1 f6 43. Qxf6 Re8 44. Qc3 Qd7 45. Rd4 Rf8 46. Qd2
Rf6 47. Qa2+ Kh8 48. Qxa6 Qf5 49. Qa2 Qd7 50. Qa8+ Kh7 51. Qe4+ Kg8 52. Qd5+
Kh7 53. Rd2 Rf8 54. Qd3+ Kh8 55. Re2 Rg8 56. Re7 Qd8 57. Qd4 Qb8 58. d7 b4 59.
Rxg7 1-0

[Event "BL 1011 SV Mülheim Nord - SV Wattensche"]
[Site "?"]
[Date "2011.04.09"]
[Round "14.5"]
[White "Handke, Florian"]
[Black "Saltaev, Mihail"]
[Result "1-0"]
[WhiteElo "2494"]
[BlackElo "2483"]
[PlyCount "71"]
[EventDate "2011.??.??"]

1. d4 d5 2. c4 c6 3. Nf3 Nf6 4. Nc3 a6 5. a4 e6 6. g3 a5 7. Bg2 Na6 8. O-O Be7
9. b3 O-O 10. Bb2 Qb6 11. Ne5 Nd7 12. Nd3 Bf6 13. e3 Nb4 14. Ba3 c5 15. Nxc5
Nxc5 16. dxc5 Qxc5 17. Rc1 Rd8 18. Qh5 Qb6 19. cxd5 Bxc3 20. Rxc3 exd5 21. Rd1
Be6 22. Qh4 Nc6 23. Bc5 Qc7 24. Bd4 h6 25. Rc5 Rd7 26. Bb2 Rad8 27. Rdc1 Qb6
28. Rb5 Qa6 29. Bd4 Qa8 30. Qf4 Rc8 31. Rbc5 Re8 32. Bf1 Rdd8 33. Bb5 Nxd4 34.
Qxd4 Re7 35. h4 Qb8 36. Bf1 1-0

[Event "BL 1011 SV Mülheim Nord - SV Wattensche"]
[Site "?"]
[Date "2011.04.09"]
[Round "14.6"]
[White "Levin, Felix"]
[Black "Dinstuhl, Volkmar Dr"]
[Result "1/2-1/2"]
[WhiteElo "2482"]
[BlackElo "2424"]
[PlyCount "69"]
[EventDate "2011.??.??"]

1. d4 d5 2. c4 dxc4 3. Nf3 Nf6 4. e3 e6 5. Bxc4 a6 6. O-O b5 7. Bd3 Bb7 8. a4
b4 9. Nbd2 c5 10. e4 cxd4 11. e5 Nfd7 12. Nb3 Bd5 13. Nbxd4 Be7 14. Qe2 Nc5 15.
Bc4 O-O 16. Rd1 Bxc4 17. Qxc4 Qb6 18. a5 Qb7 19. Bd2 Ne4 20. Rac1 Nxd2 21. Rxd2
Ra7 22. Nb3 g6 23. h3 Nd7 24. Rdc2 Re8 25. Re2 Bf8 26. Nfd4 Bh6 27. Rcc2 Raa8
28. Nc6 Bf8 29. Qe4 Kg7 30. Re3 Rac8 31. Rf3 Nc5 32. Nxc5 Qxc6 33. Qf4 Bxc5 34.
Qxf7+ Kh8 35. Qf6+ 1/2-1/2

[Event "BL 1011 SV Mülheim Nord - SV Wattensche"]
[Site "?"]
[Date "2011.04.09"]
[Round "14.8"]
[White "Wittenberg, Andreas"]
[Black "Straeter, Timo"]
[Result "1/2-1/2"]
[WhiteElo "2189"]
[BlackElo "2325"]
[PlyCount "89"]
[EventDate "2011.??.??"]

1. d4 Nf6 2. Nf3 e6 3. g3 c5 4. Bg2 d5 5. O-O Nc6 6. a3 cxd4 7. Nxd4 Be7 8. c4
O-O 9. cxd5 exd5 10. Nc3 Re8 11. b4 Bg4 12. h3 Bh5 13. Bb2 Bf8 14. g4 Bg6 15.
e3 Ne5 16. Qb3 Nd3 17. Rad1 Nxb2 18. Qxb2 h5 19. Nde2 hxg4 20. Nxd5 Nxd5 21.
Rxd5 Qb6 22. hxg4 a5 23. Qd4 Qe6 24. Ng3 axb4 25. axb4 Rac8 26. Rd1 Bc2 27. Rc1
Bb3 28. Rxc8 Rxc8 29. Re5 Rc1+ 30. Kh2 Qf6 31. Re8 Qh4+ 32. Bh3 Ba4 33. Ra8 Rc2
34. Qxg7+ Kxg7 35. Nf5+ Kf6 36. Nxh4 Bd6+ 37. Kg2 Bc6+ 38. Nf3 Bxb4 39. g5+ Ke7
40. Bf5 Rb2 41. e4 Bc5 42. Ne5 Rxf2+ 43. Kg3 Rb2 44. Nxc6+ bxc6 45. Rc8 1/2-1/2

[Event "BL 1011 Nickelhütte Aue - Solinger SG"]
[Site "?"]
[Date "2011.04.09"]
[Round "14.1"]
[White "Werle, Jan"]
[Black "Meijers, Viesturs"]
[Result "1-0"]
[WhiteElo "2574"]
[BlackElo "2502"]
[PlyCount "149"]
[EventDate "2011.??.??"]

1. d4 Nf6 2. c4 e6 3. Nc3 Bb4 4. e3 Ne4 5. Qc2 d5 6. Bd3 Nxc3 7. bxc3 Bd6 8.
Nf3 h6 9. O-O O-O 10. c5 Be7 11. c4 b6 12. cxd5 exd5 13. Ba3 Nd7 14. Bb5 bxc5
15. Bxd7 Qxd7 16. Bxc5 Bd6 17. Rfc1 Re8 18. Qb3 Ba6 19. Bxd6 Bc4 20. Qa3 cxd6
21. Nd2 Rec8 22. Rc3 Be2 23. Rac1 Rxc3 24. Rxc3 Rc8 25. h3 Rxc3 26. Qxc3 Qa4
27. a3 Qd1+ 28. Kh2 Ba6 29. Nb3 h5 30. Na5 g6 31. Qc6 Bd3 32. Qxd5 Qc2 33. Qb3
Qd2 34. Nb7 h4 35. Nxd6 Qxf2 36. Qxd3 Qg3+ 37. Kg1 Qxd6 38. e4 a5 39. d5 a4 40.
Kf2 Qb6+ 41. Ke2 Kf8 42. Qc3 Ke7 43. Kd3 Qb1+ 44. Qc2 Qf1+ 45. Kc3 f5 46. exf5
gxf5 47. Kb4 Qf4+ 48. Ka5 Kd8 49. Qc3 Qd6 50. Kxa4 Qd7+ 51. Qc6 Qa7+ 52. Kb3
Qe3+ 53. Qc3 Qb6+ 54. Qb4 Qe3+ 55. Ka4 f4 56. Qd6+ Kc8 57. Qc6+ Kb8 58. Qb5+
Kc7 59. Qc4+ Kd8 60. d6 Qa7+ 61. Kb5 Qb7+ 62. Kc5 Qxg2 63. Qxf4 Qc2+ 64. Kd5
Qd3+ 65. Qd4 Qf5+ 66. Kc6 Qf3+ 67. Qd5 Qc3+ 68. Qc5 Qf3+ 69. Kb6 Qb3+ 70. Ka6
Qd3+ 71. Ka5 Qd2+ 72. Kb6 Qb2+ 73. Ka7 Ke8 74. Qc8+ Kf7 75. Qb7+ 1-0

[Event "BL 1011 Nickelhütte Aue - Solinger SG"]
[Site "?"]
[Date "2011.04.09"]
[Round "14.2"]
[White "Slobodjan, Roman"]
[Black "Nikolic, Predrag"]
[Result "1/2-1/2"]
[WhiteElo "2556"]
[BlackElo "2597"]
[PlyCount "161"]
[EventDate "2011.??.??"]

1. e4 e6 2. d4 d5 3. Nc3 Bb4 4. Nge2 dxe4 5. a3 Be7 6. Nxe4 Nf6 7. N2g3 O-O 8.
Be2 Nbd7 9. O-O b6 10. Bf3 Rb8 11. Re1 Ba6 12. Nc3 Re8 13. Bc6 Bb7 14. Qf3 Bxc6
15. Qxc6 Nf8 16. Be3 Qd7 17. Qxd7 N8xd7 18. Bf4 Rbc8 19. Rad1 c6 20. Nce4 Nd5
21. Bd6 b5 22. Bxe7 Rxe7 23. c3 Kf8 24. Nd6 Rb8 25. Nge4 a5 26. Ng5 N7f6 27.
Nde4 Nxe4 28. Rxe4 h6 29. Nf3 f6 30. Ne1 Kf7 31. Nd3 Nb6 32. Rde1 a4 33. Rf4
Rc8 34. Re2 g5 35. Rf3 Nd5 36. g3 Kg6 37. h3 Rce8 38. Kf1 h5 39. Re4 Kg7 40.
Nc5 e5 41. Rd3 Kg6 42. dxe5 Rxe5 43. Rxe5 Rxe5 44. Nd7 Re8 45. Rd4 Kf5 46. c4
Nc7 47. g4+ hxg4 48. hxg4+ Ke6 49. Nc5+ Ke5 50. Re4+ Kd6 51. Nb7+ Kd7 52. Rd4+
Ke7 53. Na5 c5 54. Re4+ Kd7 55. Rxe8 Kxe8 56. Nb7 bxc4 57. Nxc5 c3 58. bxc3 Nb5
59. Nxa4 Nxa3 60. Nb6 Nb5 61. Nd5 Kf7 62. Ke2 Ke6 63. Kd3 Ke5 64. Ne3 Nc7 65.
c4 Ne6 66. Nd5 f5 67. gxf5 Kxf5 68. Ke3 g4 69. Ne7+ Ke5 70. Ng6+ Kf5 71. Nh4+
Ke5 72. Ng2 Ng7 73. Kd3 Nh5 74. Ke3 Ng7 75. Nh4 Nh5 76. Ng6+ Kd6 77. Kd4 g3 78.
c5+ Kc7 79. fxg3 Nxg3 80. Ne7 Ne2+ 81. Kc4 1/2-1/2

[Event "BL 1011 Nickelhütte Aue - Solinger SG"]
[Site "?"]
[Date "2011.04.09"]
[Round "14.4"]
[White "Melamed, Tatiana"]
[Black "Jussupow, Artur"]
[Result "1/2-1/2"]
[WhiteElo "2353"]
[BlackElo "2589"]
[PlyCount "69"]
[EventDate "2011.??.??"]

1. e4 e6 2. d4 d5 3. Nd2 c5 4. exd5 exd5 5. Ngf3 Nc6 6. Bb5 Bd6 7. dxc5 Bxc5 8.
O-O Nge7 9. Nb3 Bd6 10. Re1 O-O 11. Bd3 h6 12. h3 Nf5 13. c3 Qf6 14. Bc2 Rd8
15. Qd3 g6 16. Qd2 Bf8 17. Qf4 Bg7 18. Bd2 g5 19. Qh2 Bf8 20. Rad1 Bd6 21. Qh1
Bd7 22. g4 Nfe7 23. Nbd4 Ng6 24. Be3 Re8 25. Nf5 Bxf5 26. Bxf5 Bf4 27. Bd4 Qd6
28. h4 Nxd4 29. cxd4 Nxh4 30. Nxh4 gxh4 31. Qxh4 Rxe1+ 32. Rxe1 Qb4 33. Rd1 Bg5
34. Qh1 Rd8 35. Qf3 1/2-1/2

[Event "BL 1011 Nickelhütte Aue - Solinger SG"]
[Site "?"]
[Date "2011.04.09"]
[Round "14.5"]
[White "Hoffmann, Michael"]
[Black "Eichner, Sebastian"]
[Result "1/2-1/2"]
[WhiteElo "2510"]
[BlackElo "2323"]
[PlyCount "124"]
[EventDate "2011.??.??"]

1. e4 c5 2. Nf3 Nc6 3. d4 cxd4 4. Nxd4 e5 5. Nb5 d6 6. N1c3 a6 7. Na3 Be7 8.
Nc4 b5 9. Ne3 Nf6 10. g3 h5 11. Bg2 h4 12. Ncd5 h3 13. Nxf6+ Bxf6 14. Bf3 Nd4
15. Bg4 Bg5 16. Bxc8 Rxc8 17. c3 Bxe3 18. Bxe3 Ne6 19. a4 Rc4 20. axb5 axb5 21.
O-O O-O 22. Qg4 f5 23. Qxh3 Rxe4 24. Rfd1 d5 25. Ra6 Qd7 26. Ra7 Qc6 27. Qh5 f4
28. gxf4 Nxf4 29. Bxf4 Rexf4 30. Qg5 Qf6 31. Qxf6 R8xf6 32. Rd2 b4 33. Rd7 bxc3
34. bxc3 Rf3 35. R7xd5 Rxc3 36. Rxe5 Rc1+ 37. Kg2 Rg6+ 38. Kf3 Rh6 39. Rg5 Rc7
40. Kg3 Rf7 41. f4 Ra7 42. h4 Rf6 43. Rd4 Ra1 44. Rd7 Rf7 45. Rd8+ Rf8 46.
Rxf8+ Kxf8 47. Rb5 Rg1+ 48. Kf3 Kf7 49. Rf5+ Kg8 50. Rg5 Ra1 51. Kg4 Ra6 52.
Rd5 Rg6+ 53. Kf5 Kh7 54. h5 Ra6 55. Re5 Rh6 56. Kg4 Kg8 57. Re7 Kf8 58. Ra7 Rb6
59. Kg5 Rc6 60. f5 Rb6 61. Rd7 Ra6 62. Kf4 Rh6 1/2-1/2

[Event "BL 1011 Nickelhütte Aue - Solinger SG"]
[Site "?"]
[Date "2011.04.09"]
[Round "14.6"]
[White "Wichmann, Cliff"]
[Black "Ernst, Sipke"]
[Result "0-1"]
[WhiteElo "2341"]
[BlackElo "2587"]
[PlyCount "112"]
[EventDate "2011.??.??"]

1. Nf3 d5 2. c4 c6 3. e3 Nf6 4. Nc3 g6 5. d4 Bg7 6. Bd3 O-O 7. O-O Be6 8. Ng5
Bg4 9. Qb3 Qb6 10. h3 Bf5 11. Qc2 Bxd3 12. Qxd3 Qa6 13. b3 c5 14. Nb5 Rc8 15.
Bb2 Nbd7 16. Rfd1 e6 17. dxc5 dxc4 18. bxc4 Nxc5 19. Qe2 Qc6 20. Rd6 Qe8 21.
Rd4 Qe7 22. Nd6 Rf8 23. Ba3 b6 24. Rad1 h6 25. Nf3 e5 26. R4d2 e4 27. Ne1 Qe5
28. Nc2 Na4 29. Nb5 Rfc8 30. Bd6 Qf5 31. Bh2 Qc5 32. Rd4 Ne8 33. Rxe4 a6 34.
Nd6 Nxd6 35. Bxd6 Qc6 36. Rdd4 Nc3 37. Qd3 Nxe4 38. Nb4 Nc5 39. Nxc6 Nxd3 40.
Ne7+ Kh7 41. Rxd3 Rxc4 42. Nd5 Rc1+ 43. Kh2 Rc2 44. Bg3 Rd8 45. a3 f5 46. f3 b5
47. e4 fxe4 48. fxe4 Re2 49. e5 Kh8 50. Nb4 Rxd3 51. Nxd3 g5 52. Nc5 Bxe5 53.
Bxe5+ Rxe5 54. Nxa6 Re7 55. Nb4 Rc7 56. Nd5 Rc5 0-1

[Event "BL 1011 Nickelhütte Aue - Solinger SG"]
[Site "?"]
[Date "2011.04.09"]
[Round "14.8"]
[White "Schnabel, Ralf"]
[Black "Gabriel, Christian"]
[Result "1/2-1/2"]
[WhiteElo "2259"]
[BlackElo "2500"]
[PlyCount "78"]
[EventDate "2011.??.??"]

1. e4 e5 2. Nf3 Nc6 3. Bb5 a6 4. Bxc6 dxc6 5. O-O f6 6. d4 exd4 7. Nxd4 c5 8.
Ne2 Qxd1 9. Rxd1 Bd7 10. Nbc3 Ne7 11. Nf4 O-O-O 12. Be3 Nc6 13. Nfd5 Ne5 14. b3
Bc6 15. Rd2 Bd6 16. Rad1 Rde8 17. h3 b5 18. f3 Rhf8 19. Ne2 h5 20. Bf2 g5 21.
Ng3 g4 22. Nxh5 gxh3 23. Nhxf6 Rg8 24. Nxg8 Rxg8 25. g3 Nxf3+ 26. Kh1 Ng5 27.
Re2 Re8 28. Kh2 Nxe4 29. c4 Re5 30. Nf4 Rf5 31. Rd3 Ng5 32. Nd5 Kb7 33. Be1
Bxd5 34. Rxd5 Nf3+ 35. Kh1 Rxd5 36. cxd5 Nxe1 37. Rxe1 Bxg3 38. Re3 Bd6 39.
Rxh3 Kb6 1/2-1/2

[Event "BL 1011 Bayern München - SC Remagen"]
[Site "?"]
[Date "2011.04.09"]
[Round "14.1"]
[White "Gharamian, Tigran"]
[Black "Bromberger, Stefan"]
[Result "1-0"]
[WhiteElo "2658"]
[BlackElo "2530"]
[PlyCount "53"]
[EventDate "2011.??.??"]

1. e4 c5 2. Nf3 d6 3. d4 cxd4 4. Nxd4 Nf6 5. Nc3 a6 6. Bg5 e6 7. f4 Nbd7 8. Qf3
Qc7 9. O-O-O b5 10. e5 Bb7 11. Qh3 dxe5 12. Nxe6 fxe6 13. Qxe6+ Be7 14. Bxf6
gxf6 15. Bxb5 axb5 16. Nxb5 Qc6 17. Nd6+ Qxd6 18. Rxd6 Nc5 19. Qf5 Be4 20. Qh5+
Bg6 21. Qd1 Nb3+ 22. Kb1 Rc8 23. Rd3 Nd4 24. c3 Rd8 25. Rf1 Nf5 26. Rxd8+ Bxd8
27. Qa4+ 1-0

[Event "BL 1011 Bayern München - SC Remagen"]
[Site "?"]
[Date "2011.04.09"]
[Round "14.2"]
[White "Boensch, Uwe"]
[Black "Parligras, Mircea"]
[Result "1-0"]
[WhiteElo "2520"]
[BlackElo "2601"]
[PlyCount "89"]
[EventDate "2011.??.??"]

1. d4 Nf6 2. c4 e6 3. Nf3 b6 4. g3 Bb7 5. Bg2 Be7 6. O-O O-O 7. Nc3 Ne4 8. Nxe4
Bxe4 9. Bf4 f5 10. Qd2 Bf6 11. Rfd1 d6 12. Ne1 Bxg2 13. Nxg2 g5 14. Be3 Nd7 15.
f3 Qe7 16. Bf2 Rae8 17. Qc2 Bg7 18. Rd2 Qf7 19. Kh1 e5 20. c5 bxc5 21. dxc5
Nxc5 22. Bxc5 dxc5 23. Qxc5 e4 24. f4 gxf4 25. Nxf4 e3 26. Rd5 Bxb2 27. Rb1 Bg7
28. Rb7 Re7 29. Rxa7 Bh6 30. Ra4 Qe8 31. Rad4 Bxf4 32. Rxf4 Qa8 33. Kg1 Ref7
34. a4 Qb7 35. Qc4 Qb1+ 36. Kg2 Qb7 37. Kh3 Kg7 38. Qd4+ Kg6 39. g4 h5 40.
gxf5+ Kh7 41. Rh4 Rg7 42. Rxh5+ Kg8 43. Qc4 Rgf7 44. f6 Qc8+ 45. Kg3 1-0

[Event "BL 1011 Bayern München - SC Remagen"]
[Site "?"]
[Date "2011.04.09"]
[Round "14.3"]
[White "Degraeve, Jean-Marc"]
[Black "Belezky, Alexander"]
[Result "1-0"]
[WhiteElo "2561"]
[BlackElo "2454"]
[PlyCount "39"]
[EventDate "2011.??.??"]

1. e4 c5 2. Nf3 d6 3. Bc4 Nf6 4. d3 Nc6 5. c3 e6 6. Bb3 Be7 7. O-O O-O 8. Re1
Ne5 9. d4 Nxf3+ 10. Qxf3 e5 11. dxe5 dxe5 12. Nd2 Qc7 13. a4 b6 14. Bc4 Bb7 15.
Nf1 a6 16. Ng3 Bc6 17. Nf5 b5 18. Bh6 bxc4 19. Bxg7 h6 20. Bxh6 1-0

[Event "BL 1011 Bayern München - SC Remagen"]
[Site "?"]
[Date "2011.04.09"]
[Round "14.4"]
[White "Meissner, Bernd"]
[Black "Dgebuadze, Alexandre"]
[Result "1/2-1/2"]
[WhiteElo "2401"]
[BlackElo "2524"]
[PlyCount "48"]
[EventDate "2011.??.??"]

1. d4 e6 2. c4 Nf6 3. Nf3 b6 4. a3 Bb7 5. Nc3 d5 6. cxd5 exd5 7. g3 Be7 8. Bg2
O-O 9. O-O Nbd7 10. Ne5 c5 11. Bf4 Re8 12. dxc5 Nxc5 13. Nf3 Nfe4 14. Nb5 Ne6
15. Be5 Bf6 16. Bxf6 Qxf6 17. Nfd4 Re7 18. Rc1 h6 19. Nxe6 fxe6 20. Qd4 e5 21.
Qd3 Rf8 22. Bxe4 dxe4 23. Qe3 a6 24. Nc3 Qg6 1/2-1/2

[Event "BL 1011 Bayern München - SC Remagen"]
[Site "?"]
[Date "2011.04.09"]
[Round "14.5"]
[White "Swinkels, Robin"]
[Black "Deglmann, Ludwig"]
[Result "0-1"]
[WhiteElo "2478"]
[BlackElo "2397"]
[PlyCount "206"]
[EventDate "2011.??.??"]

1. d4 f5 2. g3 Nf6 3. Bg2 g6 4. Nf3 Bg7 5. O-O O-O 6. b3 c6 7. Bb2 Ne4 8. Nbd2
d5 9. e3 Be6 10. c4 Kh8 11. Qe2 a5 12. Rac1 a4 13. b4 a3 14. Ba1 Qb6 15. Rb1
Nxd2 16. Nxd2 dxc4 17. b5 cxb5 18. Nxc4 Qa6 19. Ne5 b4 20. Qd2 Bxe5 21. dxe5
Nc6 22. Bxc6 bxc6 23. Qxb4 Ra7 24. Qh4 Kg8 25. Bd4 Rd7 26. Bc5 Re8 27. Rb4 Qe2
28. Rd4 Rxd4 29. Qxd4 f4 30. exf4 Bh3 31. Qd1 Bxf1 32. Qxf1 Qxf1+ 33. Kxf1 Kf7
34. Ke2 Rb8 35. Bxa3 Ra8 36. Bc5 Rxa2+ 37. Kd3 Ke6 38. Ke4 Ra4+ 39. Kd3 Ra2 40.
Ke4 Ra5 41. Kd4 Ra4+ 42. Kd3 Kd5 43. Bxe7 c5 44. Bf6 c4+ 45. Ke3 Ra3+ 46. Kd2
Ra2+ 47. Ke3 Ra6 48. Bg7 c3 49. Kd3 Rc6 50. Kc2 Kc4 51. e6 Rxe6 52. Be5 Ra6 53.
Bxc3 Ra3 54. Bd2 Ra2+ 55. Kc1 Kd3 56. Be3 Ra1+ 57. Kb2 Rh1 58. h4 h5 59. Ba7
Re1 60. Bc5 Re8 61. Ba7 Re7 62. Bc5 Rb7+ 63. Ka2 Ke4 64. Ka3 Kf3 65. Ka4 Rb2
66. Ka5 Rxf2 67. Bxf2 Kxf2 68. g4 hxg4 69. h5 g3 70. h6 g2 71. h7 g1=Q 72. h8=Q
Qe1+ 73. Ka6 Qe6+ 74. Kb7 Qf7+ 75. Ka6 Qxf4 76. Qb2+ Kg3 77. Qc3+ Kg4 78. Qc8+
Qf5 79. Qc4+ Kh5 80. Qe2+ Kh6 81. Qh2+ Kg7 82. Qc7+ Qf7 83. Qg3 Qc4+ 84. Kb6
Qd5 85. Qc7+ Kf6 86. Qf4+ Ke6 87. Qg4+ Qf5 88. Qc4+ Ke7 89. Qc7+ Qd7 90. Qc3
Qe6+ 91. Ka7 Kf7 92. Qf3+ Kg7 93. Qg3 Qe7+ 94. Kb6 g5 95. Kc6 Qe4+ 96. Kb6 Kf6
97. Ka7 Qd4+ 98. Ka8 g4 99. Qh4+ Kf5 100. Qh5+ Kf4 101. Qh2+ Kg5 102. Qg2 Qd3
103. Qb7 Qf3 0-1

[Event "BL 1011 Bayern München - SC Remagen"]
[Site "?"]
[Date "2011.04.09"]
[Round "14.6"]
[White "Reich, Thomas"]
[Black "Bok, Benjamin"]
[Result "1/2-1/2"]
[WhiteElo "2350"]
[BlackElo "2453"]
[PlyCount "75"]
[EventDate "2011.??.??"]

1. d4 Nf6 2. c4 g6 3. Nc3 d5 4. Nf3 Bg7 5. e3 O-O 6. cxd5 Nxd5 7. Bc4 Nxc3 8.
bxc3 c5 9. O-O Qc7 10. Qe2 b6 11. e4 Bg4 12. Be3 Nc6 13. Rac1 Rad8 14. h3 Bxf3
15. Qxf3 e6 16. Rfd1 cxd4 17. cxd4 Nxd4 18. Bxd4 Bxd4 19. Bxe6 Bxf2+ 20. Kxf2
Qxc1 21. Bxf7+ Rxf7 22. Rxc1 Rd2+ 23. Ke3 Rxf3+ 24. gxf3 Rxa2 25. Rc7 Ra5 26.
Kd4 h6 27. e5 Kf8 28. Rb7 h5 29. f4 Ra4+ 30. Kd5 Rxf4 31. Rxa7 Rf3 32. h4 Rf4
33. e6 Rxh4 34. Ke5 Rh1 35. Ra8+ Ke7 36. Ra7+ Ke8 37. Ra8+ Ke7 38. Ke4 1/2-1/2

[Event "BL 1011 Bayern München - SC Remagen"]
[Site "?"]
[Date "2011.04.09"]
[Round "14.7"]
[White "Popovic, Petar"]
[Black "Lentrodt, Thomas"]
[Result "1-0"]
[WhiteElo "2495"]
[BlackElo "2340"]
[PlyCount "93"]
[EventDate "2011.??.??"]

1. e4 e6 2. d4 d5 3. Nd2 dxe4 4. Nxe4 Nd7 5. Nf3 Ngf6 6. Nxf6+ Nxf6 7. c3 c5 8.
Be3 Qc7 9. Bd3 Bd6 10. Qe2 Bd7 11. dxc5 Bxc5 12. Bxc5 Qxc5 13. Ne5 Ba4 14. O-O
O-O 15. Kh1 Rad8 16. f4 g6 17. Rf3 Bc6 18. Rg3 Kg7 19. Rf1 Nd7 20. b4 Qe7 21.
b5 Nxe5 22. Qxe5+ f6 23. Qe3 Be8 24. Qxa7 Rxd3 25. Rxd3 Bxb5 26. Rb1 Bc6 27.
Re1 Qc7 28. Rxe6 Qxf4 29. Re1 Qc4 30. Rde3 Rf7 31. Qd4 Qa6 32. R3e2 h5 33. h3
Qa5 34. c4 Qa3 35. Kh2 Rd7 36. Qf4 g5 37. Qf2 Qd6+ 38. Kg1 Kg6 39. Re6 Qd4 40.
Qxd4 Rxd4 41. Rf1 Rxc4 42. Rexf6+ Kg7 43. Rf7+ Kg8 44. R7f5 g4 45. Rg5+ Kh7 46.
Rxh5+ Kg6 47. Rh4 1-0